Исследование методов гетеролитического разложения перекисных продуктов озонолиза фенантрена в спиртах: диссертация на соискание ученой степени кандидата химических наук

Λεπτομέρειες βιβλιογραφικής εγγραφής
Κύριος συγγραφέας: Шабров В. П.
Συγγραφή απο Οργανισμό/Αρχή: Томский политехнический институт (ТПИ)
Άλλοι συγγραφείς: Печенкин А. Г. (научный руководитель)
Γλώσσα:Ρωσικά
Έκδοση: Томск, 1968
Θέματα:
Μορφή: Βιβλίο
KOHA link:https://koha.lib.tpu.ru/cgi-bin/koha/opac-detail.pl?biblionumber=138701

MARC

LEADER 00000nbm0a2200000 4500
001 138701
005 20231101220746.0
035 |a (RuTPU)RU\TPU\book\150279 
090 |a 138701 
100 |a 20080529d1968 k y0rusy50 ca 
101 0 |a rus 
102 |a RU 
105 |a a m 001zy 
200 1 |a Исследование методов гетеролитического разложения перекисных продуктов озонолиза фенантрена в спиртах  |e диссертация на соискание ученой степени кандидата химических наук  |f В. П. Шабров  |g Томский политехнический институт (ТПИ) ; науч. рук. А. Г. Печенкин 
210 |a Томск  |d 1968 
215 |a 203 л.  |c ил. 
320 |a Библиогр.: с. 191 - 201 ( 251 назв.) 
606 1 |a Фенантрен и его производные  |x Химия  |2 stltpush  |3 (RuTPU)RU\TPU\subj\63543  |9 80536 
606 |a Органический синтез  |x Процессы  |2 stltpush  |3 (RuTPU)RU\TPU\subj\73683  |9 86544 
610 1 |a гетеролитическое разложение 
610 1 |a перекисные соединения 
610 1 |a озонолиз 
610 1 |a спирты 
610 1 |a химические свойства 
610 1 |a получение 
610 1 |a кислотное разложение 
610 1 |a диметоксипероксид 
610 1 |a альдегиды 
610 1 |a щелочи 
610 1 |a дифеновая кислота 
610 1 |a исследования 
610 1 |a диссертации 
675 |a 661.7(04)  |v 4 
675 |a 547.6(04)  |v 4 
700 1 |a Шабров  |b В. П. 
702 1 |a Печенкин  |b А. Г.  |4 727 
712 0 2 |a Томский политехнический институт (ТПИ)  |c (1944-1991)  |2 stltpush  |3 (RuTPU)RU\TPU\col\1123 
801 1 |a RU  |b 63413507  |c 20080529  |g PSBO 
801 2 |a RU  |b 63413507  |c 20191114  |g RCR 
942 |c BK